| 000 | 00936nam a2200217 i 4500 | ||
|---|---|---|---|
| 001 | bg | ||
| 245 | 0 | 0 |
_aBiotechnology in environmental protection = _bBiotechnika w ochronie środowiska : International Symposium BIO '94, Poland, Świnoujście 25-27 May 1994 / _cStowarzyszenie Inżynierów i Techników Przemysłu Chemicznego, Komission Reinhaltung der Luft im VDI und DIN, Vereniging Lucht - Clean Air Association in the Netherlands. |
| 246 | 1 | 1 | _aBiotechnika w ochronie środowiska |
| 260 |
_a[Szczecin] : _bEkochem, _c1994. |
||
| 300 |
_a227, 22 s. : _bfot., rys., wykr. ; _c24 cm. |
||
| 504 | _aBibliogr. przy ref. | ||
| 650 | 9 |
_aBiotechnologia _xstosowanie |
|
| 650 | 9 |
_aOdpady _xgospodarka |
|
| 650 | 9 |
_aŚrodowisko człowieka _xhigiena |
|
| 655 | _aMateriały konferencyjne | ||
| 040 | _cBPK | ||
| 041 | 0 | _aplende | |
| 080 | _a628.1/.8:579:504.05(1-22)(061.3) | ||
| 942 | _cKS | ||
| 008 | s pl f |000 0 pol | ||
| 999 |
_c49747 _d49747 |
||